000 00764nam a2200253Ia 4500
003 OSt
005 20220928130651.0
006 a|||||r|||| 00| 0
007 ta
008 220927b |||||||| |||| 00| 0 eng d
024 _a53647
037 _cTextual
040 _aSDCL
_cSDCL
_beng
041 _2eng
_aeng
082 _aX81:8, P4
100 _aAllen Linda
_9475362
245 0 _aUnderstanding market,credit and operational risk
_b The value at risk approach.
260 _aMalden
_bBlackwell Publishing
_c2004
300 _axxii,284p
_ccm.
700 _a Boudoukh Jacob
_9475363
700 _a Saunders Anthony
_9475364
942 _hX81:8, P4
_cTEXL
_2CC
999 _c787884
_d787884